| 000 | 00481ntaaa2200193 4500 | ||
|---|---|---|---|
| 003 | 01 | ||
| 005 | 20251027201930.0 | ||
| 008 | 0714s1973 ag 01 | ||
| 040 |
_aAR-BaBN _bspa _cAR-BaBN _eaacr _dRIC |
||
| 082 | _a244.4160 P41t | ||
| 100 |
_aPérez, Belia _916762 |
||
| 245 | _aTres dramas de Navidad | ||
| 250 | _a1 ed. | ||
| 260 |
_aEl Paso : _bCasa Bautista de Publicaciones, _c1972 |
||
| 300 | _a23 p. | ||
| 500 | _adrama de Navidad | ||
| 650 | _aNavidad-Drama | ||
| 942 | _cBK | ||
| 999 |
_c14025 _d14025 |
||